<?xml version="1.0" encoding="UTF-8"?>
<record
    xmlns:xsi="http://www.w3.org/2001/XMLSchema-instance"
    xsi:schemaLocation="http://www.loc.gov/MARC21/slim http://www.loc.gov/standards/marcxml/schema/MARC21slim.xsd"
    xmlns="http://www.loc.gov/MARC21/slim">

  <leader>00987nam2a22002291  4500</leader>
  <controlfield tag="001">rc\304070</controlfield>
  <controlfield tag="005">20250621063937.0</controlfield>
  <datafield tag="035" ind1=" " ind2=" ">
    <subfield code="a">(NLR Aleph) 005630277</subfield>
  </datafield>
  <datafield tag="090" ind1=" " ind2=" ">
    <subfield code="a">6569269</subfield>
    <subfield code="c">6569269</subfield>
  </datafield>
  <datafield tag="100" ind1=" " ind2=" ">
    <subfield code="a">20030307d1990    |||y0rusy50      ca</subfield>
  </datafield>
  <datafield tag="101" ind1="0" ind2=" ">
    <subfield code="a">rus</subfield>
  </datafield>
  <datafield tag="102" ind1=" " ind2=" ">
    <subfield code="a">RU</subfield>
  </datafield>
  <datafield tag="105" ind1=" " ind2=" ">
    <subfield code="a">y   |||||||||</subfield>
  </datafield>
  <datafield tag="200" ind1="0" ind2=" ">
    <subfield code="a">&#x412;&#x44B;&#x43F;. 2</subfield>
  </datafield>
  <datafield tag="210" ind1=" " ind2=" ">
    <subfield code="d">1990</subfield>
    <subfield code="a">&#x411;. &#x43C;.</subfield>
  </datafield>
  <datafield tag="215" ind1=" " ind2=" ">
    <subfield code="a">[2], 128 &#x441;.</subfield>
  </datafield>
  <datafield tag="461" ind1=" " ind2="0">
    <subfield code="1">001rc\304069</subfield>
    <subfield code="1">2001#$a&#x41A;&#x423;&#x41B;&#x42C;&#x422;&#x423;&#x420;&#x410; &#x438; &#x43F;&#x440;&#x43E;&#x446;&#x435;&#x441;&#x441;&#x44B; &#x434;&#x435;&#x43C;&#x43E;&#x43A;&#x440;&#x430;&#x442;&#x438;&#x437;&#x430;&#x446;&#x438;&#x438;$e[&#x421;&#x431;. &#x43D;&#x430;&#x443;&#x447;. &#x441;&#x442;. &#x430;&#x441;&#x43F;&#x438;&#x440;&#x430;&#x43D;&#x442;&#x43E;&#x432;]$f&#x410;&#x43A;&#x430;&#x434;. &#x43E;&#x431;&#x449;&#x435;&#x441;&#x442;&#x432;. &#x43D;&#x430;&#x443;&#x43A; &#x43F;&#x440;&#x438; &#x426;&#x41A; &#x41A;&#x41F;&#x421;&#x421;. &#x41A;&#x430;&#x444;. &#x441;&#x43E;&#x446;. &#x43A;&#x443;&#x43B;&#x44C;&#x442;&#x443;&#x440;&#x44B;$v&#x412;&#x44B;&#x43F;. 2</subfield>
    <subfield code="9">6569265</subfield>
    <subfield code="c">&#x41C;.</subfield>
    <subfield code="d">1990</subfield>
    <subfield code="f">&#x410;&#x43A;&#x430;&#x434;. &#x43E;&#x431;&#x449;&#x435;&#x441;&#x442;&#x432;. &#x43D;&#x430;&#x443;&#x43A; &#x43F;&#x440;&#x438; &#x426;&#x41A; &#x41A;&#x41F;&#x421;&#x421;. &#x41A;&#x430;&#x444;. &#x441;&#x43E;&#x446;. &#x43A;&#x443;&#x43B;&#x44C;&#x442;&#x443;&#x440;&#x44B;</subfield>
    <subfield code="n">&#x410;&#x41E;&#x41D;</subfield>
    <subfield code="o">[&#x421;&#x431;. &#x43D;&#x430;&#x443;&#x447;. &#x441;&#x442;. &#x430;&#x441;&#x43F;&#x438;&#x440;&#x430;&#x43D;&#x442;&#x43E;&#x432;]</subfield>
    <subfield code="t">&#x41A;&#x423;&#x41B;&#x42C;&#x422;&#x423;&#x420;&#x410; &#x438; &#x43F;&#x440;&#x43E;&#x446;&#x435;&#x441;&#x441;&#x44B; &#x434;&#x435;&#x43C;&#x43E;&#x43A;&#x440;&#x430;&#x442;&#x438;&#x437;&#x430;&#x446;&#x438;&#x438;</subfield>
    <subfield code="v">&#x412;&#x44B;&#x43F;. 2</subfield>
  </datafield>
  <datafield tag="801" ind1=" " ind2="0">
    <subfield code="a">RU</subfield>
    <subfield code="b">NLR</subfield>
    <subfield code="g">psbo</subfield>
  </datafield>
  <datafield tag="801" ind1=" " ind2="1">
    <subfield code="a">RU</subfield>
    <subfield code="b">ELAR</subfield>
    <subfield code="2">rusmarc</subfield>
  </datafield>
  <datafield tag="852" ind1=" " ind2=" ">
    <subfield code="a">NLR</subfield>
    <subfield code="j">90-3/6590</subfield>
  </datafield>
  <datafield tag="942" ind1=" " ind2=" ">
    <subfield code="c">BOOK</subfield>
  </datafield>
  <datafield tag="980" ind1=" " ind2=" ">
    <subfield code="a">NB</subfield>
  </datafield>
  <datafield tag="995" ind1=" " ind2=" ">
    <subfield code="5">2013-10-26</subfield>
    <subfield code="b">NLR01</subfield>
    <subfield code="c">NLR01</subfield>
    <subfield code="e">RF9</subfield>
    <subfield code="f">5630277-10</subfield>
    <subfield code="k">90-3/6590</subfield>
    <subfield code="o">0</subfield>
    <subfield code="r">BOOK</subfield>
    <subfield code="s">9036590_</subfield>
  </datafield>
</record>
